[Event "Salamanca"]
[Site "Salamanca"]
[Date "1989.??.??"]
[Round "?"]
[White "Sion Castro, Marcelino"]
[Black "Polgar, Zsuzsa"]
[Result "0-1"]
[WhiteElo "2315"]
[BlackElo "2510"]
[Annotator "ChessBase"]
[PlyCount "86"]
[EventDate "1989.04.??"]
[EventType "tourn"]
[EventRounds "11"]
[EventCountry "ESP"]
[EventCategory "9"]
[SourceTitle "CBM 013"]
[Source "ChessBase"]
[SourceDate "1989.12.01"]
[SourceVersion "1"]
[SourceVersionDate "1989.12.01"]
[SourceQuality "1"]

1. e4 c5 2. Nf3 Nc6 3. d4 cxd4 4. Nxd4 g6 5. c4 Bg7 6. Be3 {6.Nc2 -> Sion
Castro,M-Georgadze/Salamanca/1989/0-1/26/ -> CBM 13} Nf6 7. Nc3 O-O {7...Ng4}
8. Be2 b6 $5 (8... d6 9. O-O Bd7) 9. O-O Bb7 10. Qd2 $2 {>= 10.f3} Nxd4 11.
Bxd4 e5 $1 12. Bxe5 Nxe4 13. Nxe4 (13. Qd4 $2 Nxc3 14. Qxc3 Bxe5 15. Qxe5 Re8
$19) 13... Bxe5 14. Nc3 (14. Bf3 $2 Bxe4 15. Bxe4 Bxh2+ 16. Kxh2 Qh4+ 17. Kg1
Qxe4 $17) (14. Ng3 Qf6 $17 {/\ 15...h5}) (14. Nd6 Bxd6 $1 15. Qxd6 Qg5 16. g3
$2 {>= 16.f3!=} Rae8 17. Rfe1 Re6 $1 18. Qc7 Bc6 19. Bf1 Qd2 $17 {
Fernandez-Hernandez/ESP/1976/}) 14... Re8 $1 15. Rae1 $6 (15. Nd5 Bxd5 16. cxd5
Qf6 $1 $17 {Atalyk-Panczyk/Graz/1981/}) (15. Rac1 Qf6 16. Rc2 Rac8 17. Rd1 $13
{Geller,E-Bellon Lopez/Las Palmas/1976/}) 15... Rc8 {N} (15... Qf6 16. Qxd7 Re7
17. Qd2 Rae8 18. Nd5 $2 {>= 18.Bd3} Bxd5 19. cxd5 Qf4 20. Qxf4 Bxf4 21. d6 Rxe2
{Tal,M-Hernandez/Las Palmas/1977/}) 16. Nd5 (16. f4 Bxc3 17. Qxc3 b5) 16...
Bxd5 $1 17. cxd5 Qc7 {17...Qf6!?} 18. Ba6 $1 (18. g3 Qc2 $17) (18. f4 Qc5+ 19.
Kh1 Bd4 $17) 18... Rb8 (18... Bxh2+ 19. Kh1 Bf4 20. Bxc8 $1 (20. d6 Qc4 $1 21.
Bxc4 Bxd2 22. Re7 Rxe7 23. dxe7 Bb4 $17) 20... Bxd2 21. Rxe8+ Kg7 22. Rd1 $13)
19. f4 Bf6 (19... Qc5+ 20. Kh1 Bd4 $2 21. Rc1 Qxd5 22. Rc4 Re4 23. Rd1 Rbe8 24.
h3 $18) 20. a4 Qc5+ 21. Kh1 h5 $1 22. Bb5 (22. f5 g5 23. Be2 h4) 22... Qd6 23.
Re2 Rbc8 $1 24. g3 $6 (24. Rfe1 Rxe2 25. Rxe2 $2 (25. Bxe2 Re8 $17) 25... Qxd5
$1) 24... Kg7 25. Rfe1 Rxe2 26. Rxe2 $2 (26. Bxe2 Re8 $17) 26... Rc5 $1 $19 27.
Re3 Rxd5 28. Rd3 Rxd3 29. Qxd3 Bd4 (29... Qxd3 30. Bxd3 Bxb2 $19) 30. Kg2 h4 $1
31. b3 Qd5+ 32. Kh3 (32. Qf3 $2 h3+ $19) (32. Kf1 Qh1+ $19) 32... hxg3 33. Kxg3
(33. hxg3 $2 Qh1+ 34. Kg4 Qh5#) 33... Qd6 34. h4 $6 (34. Kf3 Qc5) 34... Qb4 $1
35. Bxd7 Qe1+ 36. Kh3 Qh1+ {36...Bf6} 37. Kg3 Bf6 (37... Qg1+ 38. Kh3 Bf2) 38.
Bh3 Qg1+ 39. Kf3 (39. Bg2 Qe1+ 40. Kf3 Bxh4 $19) 39... Bxh4 40. Ke4 $2 (40. f5
g5 41. f6+ Kh6 42. Qd8 g4+ $1 $19) 40... f5+ $1 41. Kd5 (41. Ke5 Qc5+ 42. Qd5
Bf6+ 43. Ke6 Qe7#) 41... Qc5+ 42. Ke6 Qc6+ (42... Qe7+ 43. Kd5 Qd7+ 44. Kc4
Qc6+ 45. Kd4 Qc5#) 43. Qd6 Qe8+ {44.Kd5 Qe4#; Zsusa Polgar} 0-1

[Event "EU-chT (Men) 11th"]
[Site "Pula"]
[Date "1997.05.??"]
[Round "1.2"]
[White "Akesson, Ralf"]
[Black "Heidenfeld, Mark"]
[Result "1-0"]
[WhiteElo "2515"]
[BlackElo "2335"]
[Annotator "ChessBase"]
[PlyCount "25"]
[EventDate "1997.05.05"]
[EventType "team-swiss"]
[EventRounds "9"]
[EventCountry "CRO"]
[SourceTitle "CBM 057 Extra"]
[Source "ChessBase"]
[SourceDate "1997.05.01"]
[SourceVersion "1"]
[SourceVersionDate "1997.05.01"]
[SourceQuality "1"]
[WhiteTeam "Sweden"]
[BlackTeam "Ireland"]
[WhiteTeamCountry "SWE"]
[BlackTeamCountry "IRL"]

1. Nf3 Nf6 2. c4 c5 3. Nc3 Nc6 4. d4 cxd4 5. Nxd4 g6 6. e4 d6 7. Be2 Bg7 8. Be3
O-O 9. O-O Ng4 $4 {Ein bekannter Eröffnungsfehler.} (9... Bd7 $142 10. Rc1 Nxd4
11. Bxd4 a5 $14) 10. Bxg4 Bxg4 11. Nxc6 Bxd1 (11... Qd7 12. Nxe7+ Kh8 13. f3 {
1-0 Spassov,L-Kristiansen,T/Oslo Kringsja 1976/MCD-op}) 12. Nxd8 Bxc3 (12...
Bg4 13. Nxb7 Rfb8 14. Na5 Rxb2 15. Rac1 Rc8 16. f3 Be6 17. Nd5 Kf8 18. Rf2 Rbb8
19. Nb3 Rb7 20. Rfc2 f5 21. c5 Rb5 22. cxd6 Rxc2 23. dxe7+ Kf7 24. Rxc2 Bxd5
25. exd5 Rxd5 26. Rc7 Bf6 27. Rxa7 Ke8 {1-0 Martinez Garcia,J-Jorquera,M/WchJM
U20 Medellin 1996/JUN 97}) 13. Rfxd1 $146 (13. Raxd1) (13. Rfxd1 Bf6 14. Nxb7
$18) 1-0

[Event "EU-ch 12th"]
[Site "Aix les Bains"]
[Date "2011.03.22"]
[Round "1"]
[White "Navara, David"]
[Black "Colin, Vincent"]
[Result "1/2-1/2"]
[WhiteElo "2722"]
[BlackElo "2427"]
[Annotator "ChessBase/Primel,D"]
[PlyCount "186"]
[EventDate "2011.03.22"]
[EventType "swiss"]
[EventRounds "11"]
[EventCountry "FRA"]
[SourceTitle "CBM 142 Extra"]
[Source "ChessBase"]
[SourceDate "2011.06.27"]
[SourceVersion "1"]
[SourceVersionDate "2011.06.27"]
[SourceQuality "1"]
[TimeControl "40/5400+30:1800+30"]

1. e4 c5 2. Nf3 Nc6 3. d4 cxd4 4. Nxd4 g6 5. c4 Bg7 6. Be3 Nf6 7. Nc3 d6 8. Be2
{01h32} O-O {01h30} 9. O-O Bd7 {90} 10. Nc2 {Les Blancs ont hésité une dizaine
de minutes dans le choix de la variante} (10. Qd2 {La grande ligne} Nxd4 {
Navara,D (2722)-Popov,I (2613) EU-ch 12th Aix-Les-Bains 2011 (7) 1-0}) (10. Nb3
{Dans le même esprit que la variante Nc2 pour éviter la manoeuvre Nd4, suivi
de Bc6} a5 {[%csl Rb3][%cal Ga5a4]}) 10... Rc8 11. f3 {а nouveau 15 mns de
réflexion sur cette position} a6 {[%cal Gb7b5,Gd7b5,Gc6e5] 83} 12. Qd2 Ne5 {
La suite logique de la variante a6 visant а réaliser la poussée libératrice b5}
13. Na3 {[%csl Gb5]} (13. b3 {L'alternative}) 13... Re8 14. h3 {43} (14. Rab1 {
[%cal Gb2b4]} Qc7 (14... Qa5 15. b4 $1 {Khalifman}) 15. Rfc1 Qa5 16. Rc2 {
1/2-1/2 Bacrot,E (2695)-Gharamian,T (2672)/Belfort 2012/Mega2012 Update 24})
14... Bc6 {70} 15. b4 b6 16. Rac1 Ned7 17. Nc2 Bb7 18. Bf4 Nh5 19. Bh2 Ne5 20.
Ne3 {33} Nc6 {51} 21. f4 Nf6 22. a3 e6 23. Rfd1 d5 24. e5 Ne4 25. Nxe4 {06}
dxe4 {24} 26. Bg3 f6 27. Qe1 Nd4 28. Bh4 g5 29. exf6 Qxf6 30. Bxg5 Qg6 31. Ng4
e5 32. c5 exf4 33. Bxf4 h5 34. Bc4+ Kh7 35. Kh1 bxc5 36. bxc5 e3 37. Bxe3 Bxg2+
38. Kxg2 Qe4+ 39. Kg3 h4+ 40. Kxh4 Nf3+ (40... Bf6+ $1 41. Kg3 Be5+ 42. Nxe5
Qxe5+ 43. Kg2 Qe4+ 44. Kh2 (44. Kg3 Rg8+) 44... Nf3+ {was crushing.}) 41. Kg3
Nxe1 42. Rxe1 Rf8 43. Bf2 Rf3+ 44. Kh2 Qf4+ 45. Kg2 Rf8 46. Rc2 Rxa3 47. Bd5
Kh8 $2 {Perhaps a case of nerves, but the basic principle of exchanging pieces
when ahead was certainly valid here.} (47... Bd4 $1 48. c6 Bxf2 49. Rxf2 Qg3+
50. Kf1 Qxh3+ 51. Bg2 Qd3+ $19) 48. c6 Rc3 49. Rxc3 Bxc3 50. Re3 Qd4 51. Bf3
Qc4 52. Bg3 Rxf3 53. Rxf3 Qxc6 54. Ne5 Qd5 55. Ng6+ Kh7 56. Ne7 Qe4 57. Nf5 a5
58. Bd6 Be1 59. Bg3 Bxg3 (59... Qe2+ 60. Bf2 Bxf2 61. Rxf2 Qe4+ 62. Kg3 a4 {
and it is over.}) 60. Nxg3 Qd5 61. Ne2 a4 62. Nc3 Qd2+ 63. Kg3 a3 64. Rf7+ Kg6
65. Rf6+ {[%cal Gc3e4,Ge4d2,Ge4f6]} Kg7 66. Rf3 Qe1+ 67. Kg2 Kg6 68. Kh2 a2 69.
Nxa2 Qe2+ 70. Kg3 Qxa2 {This position is a tablebase win and ends in a mate
for Black in 39 moves, however there are clearly fortress ideas present, and
Black has to navigate it carefully.} 71. Rf4 Qa3+ 72. Kg2 Kg5 73. Rg4+ Kf5 $4
$138 {Alas! This blunder allows White to escape.} ({Black had to play} 73...
Kh5 {or Kh6. For example} 74. Kh2 Qf3 75. Rg3 Qe2+ 76. Rg2 Qe5+ 77. Kg1 (77.
Rg3 $2 Kh4) 77... Kh4 {and the h-pawn is lost, after which it becomes a
classic N+R vs N+Q win.}) 74. Kh2 Qb2+ 75. Kg1 Qe2 76. Kh1 Qf2 77. Rg2 Qe1+ 78.
Rg1 Qe4+ 79. Kh2 Qc2+ 80. Rg2 Qc7+ 81. Kh1 Kf4 82. Kh2 {Une nouvelle erreur
des plateaux DGT qui n'ont pas sauvegardé la fin de la partie} Kf3+ 83. Kh1
Qc1+ 84. Kh2 Qe1 85. Rg1 Qe2+ 86. Kh1 {les deux adversaires avaient moins de
05 mns en phase KO pour terminer mais la forteresse de Vincent va tenir.} Qe4
$1 {[%cal Gf3f2,Ge4h1]} 87. Rg2 Qe5 88. Kg1 Qe1+ 89. Kh2 Qh4 90. Rg4 Qf2+ 91.
Kh1 Qe1+ 92. Kh2 Qe5+ 93. Kh1 Qe1+ {Une belle performance pour le français
face а un Top GMI même s'il a probablement raté le gain.} 1/2-1/2

[Event "Goodricke op 07th"]
[Site "Kolkata"]
[Date "1996.??.??"]
[Round "5"]
[White "Volzhin, Alexander"]
[Black "Antonio, Rogelio Jr"]
[Result "0-1"]
[WhiteElo "2485"]
[BlackElo "2530"]
[Annotator "Dolmatov,S"]
[PlyCount "78"]
[EventDate "1996.02.??"]
[EventType "swiss"]
[EventRounds "11"]
[EventCountry "IND"]
[SourceTitle "CBM 050 Extra"]
[Source "ChessBase"]
[SourceDate "1996.03.01"]
[SourceVersion "1"]
[SourceVersionDate "1996.03.01"]
[SourceQuality "1"]

1. Nf3 Nf6 2. c4 c5 3. Nc3 g6 4. d4 cxd4 5. Nxd4 Bg7 6. e4 d6 7. Be2 O-O 8. O-O
Nc6 9. Be3 Bd7 (9... Nxd4 10. Bxd4 Be6 11. f4 Qc8 12. b3 Rd8 13. Qd3 $14) 10.
Qd2 a6 11. f3 Re8 $6 (11... Qa5 12. Nb3 Qd8 13. Rfd1 b6 14. Rac1 Rb8 15. Kh1
$16) (11... Rc8 12. Rfd1 $14 {Petrosian,T-Pilnik,G/Goteborg(izt)/1955/}) 12.
Rfd1 Rc8 13. Rac1 Ne5 14. b3 (14. Nd5 $5 Nxd5 (14... e6 $6 15. Nxf6+ Bxf6 (
15... Qxf6 $2 16. Bg5 $18) 16. f4 Nc6 17. Nb3 $16) 15. cxd5 Rxc1 16. Rxc1 Qb8
17. h3 $5 $14) 14... Qa5 15. Bf1 $6 (15. h3 $5 h5 16. f4 Nc6 17. Bf3 $14) 15...
h5 16. h3 Kh7 17. Nd5 $6 (17. f4 $5 Nc6 18. Nf3 b5 $2 19. e5 $16) 17... Qxd2
18. Rxd2 Nxd5 19. exd5 f5 20. f4 Nf7 21. g3 (21. Be2 Bf6 (21... h4 $6 22. Nf3
Bf6 23. Bf2 $16) 22. g3 $14) 21... Bf6 22. Bf2 Rc7 (22... g5 23. Bd3 Kg6 24.
Re1 g4 25. h4 $14) 23. Bg2 Nd8 24. b4 g5 (24... b6 25. Nc6 Nxc6 26. dxc6 Bxc6
27. Bxb6 Rcc8 28. Bxc6 Rxc6 29. Ba5 $16) 25. Be3 gxf4 26. Bxf4 h4 (26... Nf7
27. c5 Ne5 28. Re1 $16) 27. c5 $6 (27. gxh4 Rg8 28. c5 $16) 27... hxg3 28. Re1
$2 (28. Rcd1 dxc5 29. Bxc7 Bxd4+ 30. Rxd4 cxd4 31. Rxd4 $14) 28... dxc5 29.
Bxc7 Bxd4+ 30. Rxd4 cxd4 31. Bxg3 $10 e6 32. Bc7 (32. dxe6 $142 Rxe6 33. Rd1
Nc6 $10) 32... d3 33. Bxd8 $2 (33. Rd1 exd5 34. Rxd3 $10) 33... Rxd8 34. dxe6
d2 35. Rd1 Bxe6 $19 36. Kf2 Bxa2 37. Ke3 Bc4 (37... f4+ 38. Ke2 Bc4+ $19) 38.
Bf3 f4+ 39. Kxf4 Bb3 0-1

[Event "Buenos Aires Najdorf"]
[Site "Buenos Aires"]
[Date "1995.??.??"]
[Round "3"]
[White "Giardelli, Sergio Carlos"]
[Black "Szmetan, Jorge"]
[Result "1/2-1/2"]
[WhiteElo "2445"]
[BlackElo "2430"]
[Annotator "Donev,I"]
[PlyCount "91"]
[EventDate "1995.07.??"]
[EventType "tourn"]
[EventRounds "11"]
[EventCountry "ARG"]
[EventCategory "11"]
[SourceTitle "CBM 049"]
[Source "ChessBase"]
[SourceDate "1995.12.01"]
[SourceVersion "1"]
[SourceVersionDate "1995.12.01"]
[SourceQuality "1"]

1. c4 g6 2. Nf3 c5 3. d4 cxd4 4. Nxd4 Bg7 5. e4 Nc6 6. Be3 Nh6 7. Nc3 O-O 8.
Be2 f5 9. exf5 Bxd4 10. Bxh6 Rxf5 11. O-O d6 12. Bf3 Be5 13. Be3 Bg7 14. Bd5+
Kh8 15. f4 Bd7 16. Qd2 Qa5 17. Rad1 Rff8 18. h3 Rac8 19. Rc1 Nb4 20. Bd4 Nxd5
21. Bxg7+ Kxg7 22. cxd5 Rc4 23. Rce1 Rf7 24. Kh2 h6 25. Rf3 Qc5 26. Rfe3 Kf8
27. f5 Bxf5 28. Rf3 Qd4 29. Qxh6+ Qg7 30. Qe3 Rc5 31. Ref1 Rf6 32. g4 Bc8 33.
Rxf6+ exf6 34. Ne4 Rc2+ 35. Kg3 f5 36. Nxd6 Qc7 37. Qe5 Rd2 38. Qf6+ {Weiß hat
entscheidente Angriff.} Kg8 39. Qxg6+ Kf8 40. Qf6+ (40. Re1 $18) 40... Kg8 41.
Qg6+ Kf8 42. Qe8+ Kg7 43. Qe5+ Kf8 44. Qe8+ $2 {Statt Dauerschach zu geben
Weiß könnte einfach gewinnen.} (44. Re1 $1 Rd3+ (44... Kg8 45. Qe8+ Kg7 46.
Re7+ $18) (44... f4+ 45. Qxf4+ $18) 45. Kg2 Rd2+ 46. Kh1 $18) 44... Kg7 45.
Qe5+ Kf8 46. Qe8+ {Eine seltene Fall wo der Weiß in gewonnene Stellung
Dauerschach gibt.} 1/2-1/2

[Event "Saint Louis Spring-A"]
[Site "Saint Louis"]
[Date "2018.03.12"]
[Round "7"]
[White "Zherebukh, Yaroslav"]
[Black "Edouard, Romain"]
[Result "1/2-1/2"]
[WhiteElo "2633"]
[BlackElo "2612"]
[Annotator "Edouard,R"]
[PlyCount "61"]
[EventDate "2018.03.06"]
[EventType "tourn"]
[EventRounds "9"]
[EventCountry "USA"]
[EventCategory "17"]
[SourceTitle "CBM 184"]
[Source "ChessBase"]
[SourceDate "2018.05.16"]
[SourceVersion "1"]
[SourceVersionDate "2018.05.16"]
[SourceQuality "1"]

1. e4 c5 2. Nf3 Nc6 3. d4 cxd4 4. Nxd4 g6 5. c4 Bg7 6. Be3 Nf6 7. Nc3 d6 8. Be2
O-O 9. O-O Bd7 10. Nb3 $5 {A very interesting move to prevent ...Nxd4 and ...
Bc6, and prove the black bishop not to be optimally placed on d7: since the
f6-knight will need that square!} ({In the same spirit White may also play} 10.
Nc2) 10... a5 11. Nd2 $1 {White wants to play Na4.} (11. f3 $6 {gives time for}
a4 12. Nd2 $6 a3 $1 13. bxa3 Ng4 $17) 11... Bc8 $5 {The proof that 10.Nb3 is a
very interesting move. But now, it is Black who loses time wanting to prove
that the white knight on c2 is not great!} ({A better square than 'e6' since
after} 11... Be6 12. f4 {Black would be unable to play} Nd7 $4 {due to} 13. f5
$18) 12. Rc1 Nd7 13. Nb3 (13. f3 Bd4 $1 $146 14. Bxd4 Nxd4 15. Ndb1 e5 16. Na3
Nc5 17. Nab5 Nce6 $11) 13... a4 14. Nd4 Nxd4 15. Bxd4 {I wasn't happy with
this move, but somehow over the board realised that something was wrong with
my initial plan.} Bxd4 (15... Bh6 {is given by Raja Panjwani in his book, but
that might be one of the very few mistakes in it:} 16. f4 $1 (16. Rc2 e5 17.
Be3 Bxe3 18. fxe3 Nc5 $13) 16... e5 17. Be3 exf4 18. Bxf4 Qb6+ 19. Kh1 Bxf4 20.
Rxf4 Qxb2 21. Rc2 Qb6 {and here he misses} 22. Nd5 Qd8 23. c5 $1 $16 {with a
devastating attack.}) 16. Qxd4 Qb6 17. Qxb6 $6 {White's advantage after this
move is minimal in the very best case.} (17. Qd2 $1 {was definitely right,
although after} Nf6 {Black's position may not be bad, since after} 18. c5 dxc5
$1 (18... Qxc5 19. Nd5 $16) 19. e5 Rd8 20. Qh6 Ng4 21. Bxg4 Bxg4 22. Ne4 f6 $8
23. exf6 exf6 24. Qh4 Kg7 $1 {seems decent for Black.}) 17... Nxb6 18. f4 (18.
Nd5 Nxd5 19. cxd5 e6 $1 $11) 18... Be6 19. Nb5 Rfc8 20. b3 axb3 21. axb3 Bd7
22. Nd4 Ra2 (22... Ra5 $5 {to stop e5 made sense.}) 23. e5 (23. Bf3 Bc6 $11 (
23... e5 $5 24. Ne2 {worried me a bit, since the knight may come to d5, but
after} Ra3 {Black should be fine, since after} 25. Rb1 {the move Nc3 is no
longer a threat:} Kf8 $11)) (23. Ra1 Rca8 $11) 23... dxe5 24. fxe5 e6 25. Bf3 (
25. Ra1 $1 {was probably the best try:} Rca8 26. Rad1 (26. Rxa2 Rxa2 27. Bf3
Rd2 28. Rd1 Rxd1+ 29. Bxd1 Bc6 $11) 26... Bc6 27. Nxc6 bxc6 28. Bf3 R2a3 $5 29.
Bxc6 Rc8 30. c5 Rxc6 31. cxb6 Rxb6 32. Rd8+ Kg7 33. Rd7 Kh6 $1 $11) 25... Bc6
$1 26. Nxc6 bxc6 27. Rfd1 Ra7 28. Rd6 Rac7 29. b4 {Forcing a draw. Otherwise
after ...Kf8-...Ke7 only Black can be better.} Kf8 30. c5 (30. b5 Nd7 $1 $132)
30... Nd5 31. Bxd5 1/2-1/2

[Event "EU-ch 18th"]
[Site "Minsk"]
[Date "2017.06.08"]
[Round "9"]
[White "Danin, Alexandre"]
[Black "Edouard, Romain"]
[Result "1-0"]
[WhiteElo "2543"]
[BlackElo "2640"]
[Annotator "Edouard,R"]
[PlyCount "121"]
[EventDate "2017.05.30"]
[EventType "swiss"]
[EventRounds "11"]
[EventCountry "BLR"]
[SourceTitle "CBM 179"]
[Source "ChessBase"]
[SourceDate "2017.07.12"]
[SourceVersion "1"]
[SourceVersionDate "2017.07.12"]
[SourceQuality "1"]
[WhiteClock "0:00:39"]
[BlackClock "0:00:38"]

1. e4 c5 2. Nf3 d6 3. d4 cxd4 4. Nxd4 Nf6 5. f3 Nc6 6. c4 g6 7. Nc3 Bg7 8. Be3
O-O 9. Qd2 Nxd4 10. Bxd4 Bd7 11. Be2 Bc6 12. O-O Nd7 13. Be3 a5 14. b3 Nc5 15.
Rab1 e6 $5 {A very interesting deviation from the main line 15...Qb6. Black
wants to play ...Be5 and White will have to watch out for ...Qh4. Then if
Black can organise his pieces in the centre in decent fashion, he will be
completely fine.} 16. Rfd1 ({After the direct attempt} 16. a3 Be5 17. b4 axb4
18. axb4 {Black is able to equalise by force in several ways:} Qh4 (18... Ra3
$5 19. bxc5 Bxc3 20. Qc1 Qa5 21. cxd6 Bb4 22. Bh6 Rd8 23. Qg5 (23. Rxb4 $1 Qxb4
24. e5 f6 $1 $13) 23... Bxd6 $15 {1/2-1/2 (38) Saric,A (2437)-Stevic,H (2539)
Zagreb 2004}) 19. g3 Bxg3 20. hxg3 (20. Bd1 Ra3 $132) 20... Qxg3+ 21. Kh1 Qh3+
22. Kg1 {1/2-1/2 (22) Saric,A (2447)-Jankovic,A (2477) Cannes 2005}) ({
Although almost never played, I believe the best move for White is} 16. Nb5 $1
{and I failed to find equality for Black:} Be5 ({In the event of} 16... Bxb5
17. cxb5 {Black is simply slightly worse:} Qe7 (17... Qc7 18. Rfc1 Rfd8 19. Rc2
$14) 18. Bg5 f6 19. Bh4 $5 $14 {/\ Bc4}) 17. g3 $1 $36 {and it looks to me
like Black doesn't manage to do what he wants to: if he takes on b5 he is
slightly worse; otherwise White plays Rfd1 and Nd4 and looks a bit better.
Black is however solid.} (17. Bg5 Qb6 18. Qe3 $5 {(/\xf4)} Bxb5 19. cxb5 Rfe8
$5 ({or} 19... Rac8 {as Raja Panjawi suggests in his book on the Hyper
Accelerated Dragon..}) 20. f4 Bg7 $132 {/\x...f5, ...d5})) 16... Be5 17. Bf2 $6
{A really weird move - the only idea being to prevent ...Qh4 in the less
subtle way.} (17. g3 Qe7 (17... b6 $5 18. Nb5 Qb8 19. Bg5 Bxb5 20. cxb5 Ra7 21.
Qe3 Rd7 $11 {1/2-1/2 (48) Kotronias,V (2566)-Kapnisis,S (2451) Vrachati 2014})
18. Rbc1 Rad8 19. Re1 b6 $11 {1/2-1/2 (27) Rodshtein,M (2689)-Mista,A (2593)
Drancy 2016}) (17. Bf1 $2 Qh4 $1 18. g3 (18. h3 Qg3 $40) 18... Qf6 {One of the
few tricks that can lead to an advantage for Black.} 19. Bd4 Qxf3 $17 {1/2-1/2
(34) Kryvoruchko,Y (2707)-Iturrizaga Bonelli,E (2653) Dubai 2014}) (17. Qe1 Qf6
(17... Qe7 $5 18. Nb5 Rfd8 19. Nd4 Be8 20. Bf1 b6 $11 {1/2-1/2 (27) Korneev,O 
(2606)-Bauer,C (2609) FRA 2007}) 18. Rbc1 Rfd8 19. Bf1 g5 $5 {An aggressive
plan played twice by Guseinov. Of course, Black is not forced to go for it.}
20. Ne2 (20. Qd2 h6 $11 {1/2-1/2 (35) Sedlak,N (2554)-Guseinov,G (2613) NOR
2014}) (20. Nb5 b6 $11) 20... g4 $5 21. fxg4 (21. f4 Bb2 22. e5 Bxc1 $1 23.
Bxc5 $1 Qf5 $1 24. Bb6 Bxf4 25. Nxf4 Qxf4 26. Rd4 Qg5 $13) 21... Nxe4 22. Nd4
d5 $13 {0-1 (40) Kuzubov,Y (2661)-Guseinov,G (2592) QAT 2014}) (17. Bd4 Qe7 $1
(17... Qh4 $143 18. Bxe5 dxe5 19. Qd6 $5 $146 Nd7 20. g3 Qg5 21. Kg2 $14) 18.
a3 (18. Bxe5 dxe5 19. Qd6 Qxd6 20. Rxd6 f5 $11 {0-1 (56) Heimann,A (2546)
-Guseinov,G (2634) Berlin 2015}) (18. Bf1 Rfd8 19. Qe3 b6 $132 {[%cal Ya8a7,
Ya7d7] 1-0 (63) Muzychuk,M (2542)-Peng Zhaoqin (2383) ISL 2015}) 18... a4 19.
Bxe5 dxe5 20. b4 Nb3 21. Qe3 Nd4 $13 {1-0 (48) L'Ami,E (2628)-Martinez Duany,L
(2504) Merida 2015}) (17. Nb5 $6 Qh4 18. g3 Bxg3 $1 {Another trap - White may
think the sacrifice fails as his king may escape to f1, but it doesn't.} 19.
hxg3 Qxg3+ 20. Kf1 Nxe4 $1 21. fxe4 $6 f5 $40) 17... Qf6 18. Rbc1 Rfd8 19. Bf1
b6 20. Be3 Rd7 21. Bg5 Qg7 22. Bh6 Qf6 23. Bg5 Qg7 24. Qe3 Re8 (24... f6 $5 25.
Bf4 Rad8 $132) 25. Kh1 f5 $5 26. exf5 gxf5 27. Bf4 Red8 28. Ne2 Bxf4 (28... Bf6
$5 $36) 29. Qxf4 Qg6 30. Ng3 h6 31. Qe3 Rg7 32. Ne2 e5 33. Nc3 f4 34. Qf2 Kh8
$6 {A dumb move played with a few seconds on the clock.} (34... e4 35. fxe4
Nxe4 36. Nxe4 Bxe4 37. Rd2 f3 38. gxf3 Bxf3+ 39. Bg2 $11) (34... Rf8 $5 35. Rd2
e4 36. fxe4 f3 37. g3 h5 $13) 35. Rd2 Rf8 36. Rcd1 Rf6 37. Bd3 Nxd3 38. Rxd3 e4
39. Nxe4 Bxe4 40. fxe4 Qxe4 41. Qf3 $1 (41. Rxd6 $2 Rxd6 42. Rxd6 f3 $132)
41... Qg6 42. Rd4 Rgf7 43. Re4 Kh7 44. Rde1 Qf5 45. a4 h5 46. Re8 h4 47. Qa8 f3
(47... Rf8 $5) 48. Rh8+ Kg6 49. Rxh4 d5 $2 (49... Rf8 $5 50. Qxf3 Qxf3 51. gxf3
Rxf3 52. Rg1+ Kf5 53. Rg3 Rf2 {should be a draw.}) (49... f2 50. Rf1 Re6 {
faiks to} 51. Qh8 $18) 50. Qxd5 ({White missed the invisible win} 50. Qg8+ Rg7
51. Qe8+ Rgf7 52. h3 fxg2+ 53. Kh2 $18) 50... Qxd5 51. cxd5 Re7 52. Rf1 Re3 53.
Rd4 Rxb3 (53... Rd6 $5 54. gxf3 Rxb3 {followed by ...b5 also gives good
drawing chances, a h+f ending being the most probable outcome.}) 54. d6 Rb2 $4
{A terrible hallucination.} (54... Rb4 55. Rd2 Rf8 56. d7 Rd8 57. gxf3 Rxa4 58.
Rb1 Rb4 59. Rxb4 axb4 {should lead to a drawn h+f ending.}) 55. gxf3 Re6 56.
Rg1+ (56. d7 Ree2 57. Rg4+ Kf5 58. d8=Q $18) 56... Kf5 (56... Kf7 57. d7 Rh6
58. d8=N+ $18 (58. Rf4+ $5 Ke6 59. Rf6+ $1 $18)) 57. Rd5+ Kf4 58. Rd4+ Kf5 59.
Rd5+ Kf4 60. d7 Kxf3 {A last cheap trick.} (60... Ree2 61. Rg4+ $18) 61. Rd3+ (
61. d8=Q $4 Rxh2+ 62. Kxh2 Rh6+ $19) 1-0